| 000 | 00366nam a2200157Ia 4500 | ||
|---|---|---|---|
| 008 | 230524s9999 xx 000 0 und d | ||
| 082 |
_a510 _bDUT |
||
| 100 | _aDebashis Dutta | ||
| 245 | 0 | _aEngineering Mathematics | |
| 250 | _a1ST | ||
| 260 |
_aNEW DELHI _bNAI _c2002 |
||
| 300 | _aX;627 | ||
| 500 | _aQuantity Number: 2 | ||
| 650 | _aMathematics | ||
| 942 | _cBK | ||
| 999 |
_c31539 _d31539 |
||